<?xml version="1.0" encoding="UTF-8"?><?xml-stylesheet type="text/xsl" href="static/style.xsl"?><OAI-PMH xmlns="http://www.openarchives.org/OAI/2.0/" xmlns:xsi="http://www.w3.org/2001/XMLSchema-instance" xsi:schemaLocation="http://www.openarchives.org/OAI/2.0/ http://www.openarchives.org/OAI/2.0/OAI-PMH.xsd"><responseDate>2026-04-13T13:36:34Z</responseDate><request verb="GetRecord" identifier="oai:www.recercat.cat:2117/334093" metadataPrefix="marc">https://recercat.cat/oai/request</request><GetRecord><record><header><identifier>oai:recercat.cat:2117/334093</identifier><datestamp>2026-02-24T03:58:09Z</datestamp><setSpec>com_2072_1033</setSpec><setSpec>col_2072_452951</setSpec></header><metadata><record xmlns="http://www.loc.gov/MARC21/slim" xmlns:dcterms="http://purl.org/dc/terms/" xmlns:xsi="http://www.w3.org/2001/XMLSchema-instance" xmlns:doc="http://www.lyncode.com/xoai" xsi:schemaLocation="http://www.loc.gov/MARC21/slim http://www.loc.gov/standards/marcxml/schema/MARC21slim.xsd">
   <leader>00925njm 22002777a 4500</leader>
   <datafield ind2=" " ind1=" " tag="042">
      <subfield code="a">dc</subfield>
   </datafield>
   <datafield ind2=" " ind1=" " tag="720">
      <subfield code="a">Sardá I Martí, Oriol</subfield>
      <subfield code="e">author</subfield>
   </datafield>
   <datafield ind2=" " ind1=" " tag="260">
      <subfield code="c">2020-07-09</subfield>
   </datafield>
   <datafield ind2=" " ind1=" " tag="520">
      <subfield code="a">In recent years solar energy is growing in&#xd;
Mexico as solar radiation is a very abundant resource&#xd;
throughout the country, especially in the mode of&#xd;
distributed generation.&#xd;
The company Sunwise, is dedicated to facilitate the life of&#xd;
the solar installer, with a software that studies the needs of&#xd;
the client, creates photovoltaic projects and carries out the&#xd;
economic study in a matter of minutes.&#xd;
This article will focus on improving the existing product&#xd;
and help create a new module called Sunpay to facilitate&#xd;
the process of finding financing with good conditions and&#xd;
include the calculation of financing in the economic&#xd;
analysis. In short, the article is about adapting current&#xd;
software to better suit the needs of the end user.&#xd;
The results obtained in this project are those expected&#xd;
since all the specific objectives were completed. The&#xd;
SunPay module was released to the public on April 14th&#xd;
with great success and expectation.&#xd;
This module of Sunpay will make it much easier to finance&#xd;
a solar panel project by making it more accessible for&#xd;
everyone and with better credit conditions than those&#xd;
available in Mexico in the actuality.</subfield>
   </datafield>
   <datafield tag="653" ind2=" " ind1=" ">
      <subfield code="a">Àrees temàtiques de la UPC::Energies</subfield>
   </datafield>
   <datafield tag="653" ind2=" " ind1=" ">
      <subfield code="a">Solar energy</subfield>
   </datafield>
   <datafield tag="653" ind2=" " ind1=" ">
      <subfield code="a">Finance</subfield>
   </datafield>
   <datafield tag="653" ind2=" " ind1=" ">
      <subfield code="a">Energia solar</subfield>
   </datafield>
   <datafield tag="653" ind2=" " ind1=" ">
      <subfield code="a">Finances</subfield>
   </datafield>
   <datafield ind2="0" ind1="0" tag="245">
      <subfield code="a">Integrating a financial economic model for solar’s technology adoption in the Sunwise company</subfield>
   </datafield>
</record></metadata></record></GetRecord></OAI-PMH>